Do Processo de Execuȯ́

Detalles Bibliográficos
Autor principal: Leitó, Helder Martins
Formato: Desconocido
Lenguaje:inglés
Publicado: Porto : Almeida & Leitó, 2006
Materias:
Acceso en línea:Acceso restringido

MARC

LEADER 00000ny a22000003n 4500
005 20110621114827.0
008 091214s2006 po 000 0 eng d
020 |a 9789729427213 
035 |a 1809 
040 |a BUS  |d vLex 
090 |c 925  |d 925 
100 1 |a Leitó, Helder Martins 
245 1 0 |a Do Processo de Execuȯ́  |h [Recurso electrn̤ico]  |c Helder Martins Leitó 
256 |a Servicio en ln̕ea 
260 |a Porto :  |b Almeida & Leitó,  |c 2006 
300 |a p. ;  |c cm 
506 1 |a Contenido solo disponible en los productos indicados  |d vLex Global  |d vLex Global (Academic Edition, excluding Law Schools)  |d vLex Global (U.S. Academic Edition, Law Schools)  |d vLex Global (U.S. Academic Edition, excluding Law Schools)  |d vLex Global (Academic Edition, Law Schools) 
650 0 4 |a Procedimiento de ejecucin̤ 
740 0 |a vLex Libros (Servicios en ln̕ea) 
856 4 0 |u http://vlex.com/source/1809  |z Acceso restringido 
942 |c BOOK